The use of definite and indefinite reference in young children
Saved in:
| Hovedforfatter: | |
|---|---|
| Format: | Bog |
| Sprog: | engelsk |
| Udgivet: |
Clinton
Cambridge University Press
1976
|
| Udgivelse: | 1a. ed |
| Fag: | |
| Tags: |
Tilføj Tag
Ingen Tags, Vær først til at tagge denne postø!
|
MARC
| LEADER | 00000nam a2200000 a 4500 | ||
|---|---|---|---|
| 001 | UCJ3008 | ||
| 003 | CL-VaPUC | ||
| 008 | 070119e19760000US |||||||||||||||||eng|d | ||
| 020 | |a 0521209242 | ||
| 082 | 0 | 4 | |a 401.93 |b MAR |2 21 |
| 100 | |a Maratsos, Michael P. |e autor |9 504112 | ||
| 245 | 1 | 4 | |a The use of definite and indefinite reference in young children |
| 250 | |a 1a. ed | ||
| 300 | |a 144 p | ||
| 942 | |c BK | ||
| 945 | |d 20070119 00:00:00 |a lvergara | ||
| 260 | |a Clinton |b Cambridge University Press |c 1976 | ||
| 500 | |a Donación de la Dra. Marianne Peronard Thierry | ||
| 650 | 0 | |a Psicolingüística |9 283371 | |
| 650 | 0 | |a Adquisición del lenguaje |9 309032 | |
| 650 | 0 | |a Semántica |9 265318 | |
| 650 | 0 | |a Psicología del niño |9 307305 | |
| 650 | 7 | |a DESARROLLO LINGUISTICO |2 CL-VaPUC |9 389088 | |
| 583 | |a last modification |c 20070119 00:00:00 |k Rodrigo Vera | ||
| 999 | |c 319132 |d 319130 | ||
| 952 | |0 0 |1 0 |4 0 |6 401_930000000000000_MAR_1976 |7 0 |8 A |9 397374 |a FDOPOS |b FDOPOS |d 2019-11-22 |i 4312112 |o 401.93 MAR 1976 |p 4312112 |r 2025-01-22 |w 2019-11-22 |y BK |k MLA | ||